000 00954nam a22002297a 4500
999 _c13822
_d13822
003 AR-CdUCM
008 190416b ||||| |||| 00| 0 spa d
040 _aMUNICIPALIDAD PROVINCIAL DEL CUSCO
_cBIBLIOTECA MUNICIPAL DEL CUSCO
041 _heng
082 _a547 /
_bH71
100 _aHolum, John R.
_932376
245 _aPrincipios de Fisicoquímica, Química Orgánica y Bioquímica :
_bIntroducción a las Bases Moleculares de la Vida /
260 _aMéxico :
_bLimusa-Wiley S. A. ;
_c1971.
300 _a789 páginas ;
_c23cm
505 _aContenido: Energía -- Los átomos y los elementos -- Las substancias y el cambio -- Las substancias y la estructura -- Las soluciones y las dispersiones coloidales...
650 _aFísica
_92382
650 _aQuímica
_94512
700 _aCorona Rodríguez, Hortensia (traducción)
_932377
710 _aCentro Regional de Ayuda Técnica
_910048
942 _2ddc
_cLIBROS
945 _anom
_d2019-04-16